000
00229nam a22000977a 4500
999
_c
12375
_d
12375
020
_a
9780134358352
082
_a
658.402
100
_a
Henry Mintzberg
245
_a
Structure in Fives Designing Effective Organization
942
_c
BK